Every NHL Hockey Team's Last MVP Winner - Statistics

General Stats
  • This quiz has been taken 119 times
  • The average score is 15 of 20
Answer Stats
Team Year MVP % Correct
Chicago Blackhawks 2016 Patrick Kane
94%
Edmonton Oilers 2021 Connor McDavid
93%
Toronto Maple Leafs 2022 Auston Matthews
92%
Pittsburgh Penguins 2014 Sidney Crosby
92%
Washington Capitals 2013 Alexander Ovechkin
91%
Vancouver Canucks 2010 Henrik Sedin
85%
Montreal Canadiens 2015 Carey Price
83%
Tampa Bay Lightning 2019 Nikita Kucherov
83%
Los Angeles Kings 1989 Wayne Gretzky
83%
New York Rangers 1992 Mark Messier
78%
Anaheim Ducks 2011 Corey Perry
76%
Buffalo Sabres 1998 Dominik Hašek
74%
San Jose Sharks 2006 Joe Thornton
74%
Boston Bruins 1974 Phil Esposito
71%
Colorado Avalanche 2003 Peter Forsberg
70%
New Jersey Devils 2018 Taylor Hall
70%
Philadelphia Flyers 1995 Eric Lindros
64%
Detroit Red Wings 1994 Sergei Fedorov
57%
New York Islanders 1979 Bryan Trottier
56%
St. Louis Blues 2000 Chris Pronger
53%
No matching quizzes found
Score Distribution
Percent of People with Each Score
Percentile by Number Answered
Your Score History
You have not taken this quiz